Rey, Constitución y política exterior / (Record no. 180893)

MARC details
000 -LEADER
campo de control de longitud fija 01235nam a2200301 i 4500
001 - NÚMERO DE CONTROL
campo de control 180893
003 - IDENTIFICADOR DE NÚMERO DE CONTROL
campo de control ES-MaACL
005 - FECHA Y HORA DE LA ÚLTIMA TRANSACCIÓN
campo de control 20231002145027.0
008 - DATOS DE LONGITUD FIJA--INFORMACIÓN GENERAL
campo de control de longitud fija 120814s2010 sp |||| | spa d
020 ## - NÚMERO INTERNACIONAL ESTÁNDAR DEL LIBRO
Número Internacional Estándar del Libro 978-84-9768-813-0
080 ## - NÚMERO DE LA CLASIFICACIÓN DECIMAL UNIVERSAL
Número de la Clasificación Decimal Universal 342.514(460)
080 ## - NÚMERO DE LA CLASIFICACIÓN DECIMAL UNIVERSAL
Número de la Clasificación Decimal Universal 327(460)"1975/..."
100 1# - ENTRADA PRINCIPAL--NOMBRE DE PERSONA
Nombre de persona Fernández-Palacios M., Miguel.
9 (RLIN) 151292
245 10 - MENCIÓN DEL TÍTULO
Título Rey, Constitución y política exterior /
Mención de responsabilidad, etc. Miguel Fernández-Palacios M. ; prólogo de Miguel Ángel Moratinos.
260 ## - PUBLICACIÓN, DISTRIBUCIÓN, ETC.
Lugar de publicación, distribución, etc. Madrid :
Nombre del editor, distribuidor, etc. Ministerio de Asuntos Exteriores y de Cooperación :
-- Marcial Pons, Ediciones Jurídicas y Sociales,
Fecha de publicación, distribución, etc. 2010.
300 ## - DESCRIPCIÓN FÍSICA
Extensión 367 p. ;
Dimensiones 24 cm.
504 ## - NOTA DE BIBLIOGRAFÍA, ETC.
Nota de bibliografía, etc. Bibliografía: p. [345]-356.
650 #7 - PUNTO DE ACCESO ADICIONAL DE MATERIA--TÉRMINO DE MATERIA
Término de materia o nombre geográfico como elemento de entrada Poder real-
Subdivisión geográfica España.
9 (RLIN) 151293
650 #4 - PUNTO DE ACCESO ADICIONAL DE MATERIA--TÉRMINO DE MATERIA
Término de materia o nombre geográfico como elemento de entrada Monarquía-
Subdivisión geográfica España-
Subdivisión cronológica S.XX.
9 (RLIN) 15146
651 ## - PUNTO DE ACCESO ADICIONAL DE MATERIA--NOMBRE GEOGRÁFICO
Nombre geográfico España-
Subdivisión general Política exterior-
Subdivisión cronológica 1975-1982.
9 (RLIN) 171863
700 1# - ENTRADA AGREGADA--NOMBRE PERSONAL
Nombre de persona Moratinos Cuyaubé, Miguel Ángel.
9 (RLIN) 83158
710 1# - ENTRADA AGREGADA--NOMBRE DE ENTIDAD CORPORATIVA
Nombre de entidad corporativa o nombre de jurisdicción como elemento de entrada España.
Unidad subordinada Ministerio de Asuntos Exteriores y de Cooperación.
9 (RLIN) 3847
852 ## - LOCALIZACIÓN
Ubicación ES-MaACL
Número de control de estantería A-12172
itemnumber 187772
Sublocalización o colección R.147104
Ubicación en estantería Depósito 1
Signatura antigua Olim: N-5177
Encuadernación Donacion: R.A.E
912 ## - NOMBRE ENTIDAD DE POSESOR
RLIN 6336
Nombre de congreso/reunión o jurisdicción como elemento de entrada Real Academia Española
942 ## - ELEMENTOS DE ENTRADA SECUNDARIOS (KOHA)
Fuente del sistema de clasificación o colocación Clasificación decimal universal
Tipo de ítem Koha Libro impreso
Holdings
Estatus retirado Estado de pérdida Fuente del sistema de clasificación o colocación Estado de daño No para préstamo Biblioteca de origen Biblioteca actual Ubicación en estantería Fecha de adquisición Fuente de adquisición Total de préstamos Signatura topográfica completa Código de barras Visto por última vez Precio de reemplazo Tipo de ítem Koha
    Clasificación decimal universal     Biblioteca del Ateneo de Madrid Biblioteca del Ateneo de Madrid Depósito 1 14/08/2012 Donación   A-12172 1190090 23/02/2023 23/02/2023 Libro impreso